Funciones químicas inorgánicas. /

Guardado en:
Autor Corporativo: Ministerio de Educación.
Formato: Deslizar
Series:Parte 2
Materias:
Etiquetas: Agregar Etiqueta
Sin Etiquetas, Sea el primero en etiquetar este registro!
LEADER 00720ngm a22002175g 4500
001 CEM.cems021535
008 130507b1991##################0###0#####d
005 20240827162108.0
245 1 0 |a Funciones químicas inorgánicas. /  |c Ministerio De Educación. 
300 |a 20 
490 1 |a Parte 2 
500 |a En soporte VHS, consultar en ventanilla. 
538 |a Soporte: VHS - Norma: Pal N - Color - Grabación DRD 1991 - Hitachi=1090 
505 0 |a Indicadores. Ácidos bases. 
110 2 |a Ministerio de Educación. 
082 5 4 |/ ARG 
653 |a QUIMICA 
653 |a QUIMICA INORGANICA 
653 |a ACIDOS BASES 
653 |a NIVEL SECUNDARIO 
859 |a CEMS  |b BIB. CEMS - Depto. Recursos Didacticos  |h 546  |i ARG  |k DRD  |p 178.12  |t Ej.1